LIBRARY ONLINE CATALOGUE

Living with AIDS : (Record no. 6700)

MARC details
000 -LEADER
fixed length control field 01057cam a22002652 4500
001 - CONTROL NUMBER
control field 0000004884
005 - DATE AND TIME OF LATEST TRANSACTION
control field 20151217151944.0
008 - FIXED-LENGTH DATA ELEMENTS--GENERAL INFORMATION
fixed length control field 070531s xx 000 0 eng d
040 ## - CATALOGING SOURCE
Original cataloging agency KABU
Transcribing agency KABU
050 #0 - LIBRARY OF CONGRESS CALL NUMBER
Classification number RA644
Item number .A25L58 1998
245 10 - TITLE STATEMENT
Title Living with AIDS :
Remainder of title a book to help people make the best of life /
Statement of responsibility, etc. adopted by the National AIDS Control Programme with funding from UNICEF-Kenya.
246 3# - VARYING FORM OF TITLE
Title proper/short title National AIDS Control Programme
260 ## - PUBLICATION, DISTRIBUTION, ETC. (IMPRINT)
Place of publication, distribution, etc. Nairobi :
Name of publisher, distributor, etc. National AIDS Control Programme,
Date of publication, distribution, etc. 1998.
300 ## - PHYSICAL DESCRIPTION
Extent v, 59 p.
650 #0 - SUBJECT ADDED ENTRY--TOPICAL TERM
Topical term or geographic name as entry element AIDS (Disease)
-- 0000148458
650 #0 - SUBJECT ADDED ENTRY--TOPICAL TERM
Topical term or geographic name as entry element AIDS (Disease)
General subdivision Patients.
-- 0000155798
908 ## - PUT COMMAND PARAMETER (RLIN)
Put command parameter 070531
950 ## - LOCAL HOLDINGS (RLIN)
-- 1
Holdings
Withdrawn status Lost status Source of classification or shelving scheme Not for loan Home library Current library Date acquired Total Checkouts Full call number Barcode Date last seen Price effective from Koha item type
    Library of Congress Classification   Kabarak, Main Campus Kabarak, Main Campus 17/12/2015   RA644 .A25L58 1998 002908 17/12/2015 17/12/2015 General Collection
    Library of Congress Classification   Kabarak, Main Campus Kabarak, Main Campus 17/12/2015   RA644 .A25L58 1998 002909 17/12/2015 17/12/2015 General Collection
    Library of Congress Classification   Kabarak, Main Campus Kabarak, Main Campus 17/12/2015   RA644 .A25L58 1998 002910 17/12/2015 17/12/2015 General Collection
    Library of Congress Classification   Kabarak, Main Campus Kabarak, Main Campus 17/12/2015   RA644 .A25L58 1998 002911 17/12/2015 17/12/2015 General Collection
    Library of Congress Classification   Kabarak, Main Campus Kabarak, Main Campus 17/12/2015   RA644 .A25L58 1998 002912 17/12/2015 17/12/2015 General Collection
    Library of Congress Classification   Kabarak, Main Campus Kabarak, Main Campus 17/12/2015   RA644 .A25L58 1998 002913 17/12/2015 17/12/2015 General Collection